Hazbin hotel characters by emoji - Statistics

General Stats
  • This quiz has been taken 1,758 times
  • The average score is 5 of 7
Answer Stats
Hint Answer % Correct
πŸ•·β™₯ Angel dust
96%
πŸŒˆπŸ‘Ώ Charlie
95%
πŸ“»πŸ˜πŸŸ₯ Alastor
94%
πŸŽ€πŸ‘βŒ Vaggi
90%
πŸ‘πŸ’£πŸ’ Cherri bomb
87%
πŸ›πŸ”ͺπŸŽ€πŸ“° Katie killjoy
34%
πŸ˜·πŸ”«πŸ”₯ Tom trench
24%
No matching quizzes found
Score Distribution
Percent of People with Each Score
Percentile by Number Answered
Your Score History
You have not taken this quiz